| 000 | 00402nam a22001697a 4500 | ||
|---|---|---|---|
| 005 | 20260408163522.0 | ||
| 008 | 160625b xxu||||| |||| 00| 0 eng d | ||
| 020 | _a0-67-004963-8 | ||
| 041 | _aeng | ||
| 082 | _a327.54 | ||
| 100 |
_aRaja Mohan, C _92766 |
||
| 245 | _aCrossing the Rubicon | ||
| 260 |
_bPenguin India _c2003 |
||
| 300 | _a272 | ||
| 650 |
_ainternational relations _98969 |
||
| 942 | _cBK | ||
| 999 |
_c4001 _d4000 |
||